| 000 | 00389pab a2200157 454500 | ||
|---|---|---|---|
| 008 | 180718b2001 xxu||||| |||| 00| 0 eng d | ||
| 100 | _aYasin, M. | ||
| 245 | _aProtest movements: in search of theoretical framework | ||
| 260 | _c2001 | ||
| 300 | _ap.17-19 | ||
| 362 | _aSep | ||
| 650 | _aProtest movements | ||
| 700 | _aDasgupta, Srinanda | ||
| 773 | _aThird Concept | ||
| 909 | _a49922 | ||
| 999 |
_c49922 _d49922 |
||